| 000 | 01315cam a2200313 a 4500 | ||
|---|---|---|---|
| 001 | 17815943 | ||
| 005 | 20150427104338.0 | ||
| 008 | 130717s2014 enkad frb 001 0 eng | ||
| 020 | _a9781844073573 (hbk) | ||
| 020 | _z9780203135235 (ebk) | ||
| 040 |
_aDLC _beng _cDLC _dDLC _dEG-ScBUE |
||
| 082 | 0 | 4 |
_a338.927 _bDAL _222 |
| 100 | 1 |
_aDalal-Clayton, D. B. _q(D. Barry) _937710 |
|
| 245 | 1 | 0 |
_aSustainability appraisal : _ba sourcebook and reference guide to international experience / _cBarry Dalal-Clayton, Barry Sadler ; with contributions from James Baines ... [et al.] |
| 260 |
_aAbingdon, England ; _aNew York : _bRoutledge / Taylor & Francis Group : _bearthscan, _c2014 _e(Cornwall, England : _fTJ International Ltd) |
||
| 300 |
_axlii, 810 p. : _bchart, tables ; _c25 cm. |
||
| 500 | _aIndex : p. 791-810. | ||
| 500 | _aIncludes appendices. | ||
| 504 | _aBibliography : p. 719-790. | ||
| 650 | 7 |
_aSustainable development _xInternational cooperation. _2BUEsh _937711 |
|
| 650 | 7 |
_aRural development _xInternational cooperation. _2BUEsh _937712 |
|
| 650 | 7 |
_aEnvironmental policy _xInternational cooperation. _2BUEsh _937713 |
|
| 651 | _2BUEsh | ||
| 653 |
_bENGARC _cApril2015 |
||
| 655 |
_vreading book _934232 |
||
| 700 | 1 |
_aSadler, Barry. _937714 |
|
| 700 | 1 |
_aBaines, James. _937715 |
|
| 942 |
_2ddc _k338.927 DAL |
||
| 999 |
_c19217 _d19189 |
||